[Event "Alta Padovana op-B 5th"]
[Site "Loreggia"]
[Date "2005.02.27"]
[Round "5"]
[White "Fogliato, Denis"]
[Black "Bonani, Georg"]
[Result "1/2-1/2"]
[WhiteElo "1599"]
[BlackElo "1892"]
[PlyCount "206"]
[EventDate "2005.02.25"]
[EventType "swiss"]
[EventRounds "5"]
[EventCountry "ITA"]
[SourceTitle "EXT 2024"]
[Source "ChessBase"]
[SourceDate "2023.10.10"]
[SourceVersion "1"]
[SourceVersionDate "2023.10.10"]
[SourceQuality "1"]

1. d4 Nf6 2. c4 g6 3. Nc3 Bg7 4. e4 d6 5. Nf3 0-0 6. Be2 e5 7. 0-0 Nc6 8. d5 Ne7 9. Ne1 Ne8 10. Be3 f5 11. f3 f4 12. Bf2 g5 13. b4 Nf6 14. Qd2 h5 15. Nd3 Ng6 16. Rfc1 Rf7 17. c5 Bf8 18. cxd6 cxd6 19. a4 g4 20. Kf1 Rh7 21. Ne1 h4 22. fxg4 Bxg4 23. h3 Bxh3 24. gxh3 Qd7 25. Qd3 Bh6 26. Nf3 Qxh3+ 27. Ke1 Ng4 28. Ng1 Qxd3 29. Bxd3 f3 30. Rc2 Nf4 31. Bf1 Ng2+ 32. Bxg2 fxg2 33. Bxh4 Ne3 34. Rca2 Rc8 35. Kd2 Nxd5+ 36. Ke1 Nxc3 37. Rxg2+ Kf7 38. Bf2 b6 39. Rg4 Rc4 40. Ra3 Rxe4+ 41. Rxe4 Nxe4 42. Ne2 Nxf2 43. Kxf2 Ke6 44. b5 Rc7 45. Rc3 Rxc3 46. Nxc3 d5 47. Ke2 d4 48. Ne4 Kd5 49. Kd3 Bg7 50. Ng5 Kd6 51. Ne4+ Ke6 52. Ng3 Bh6 53. Ne4 Bf4 54. Kc4 d3 55. Kxd3 Kd5 56. Nf6+ Kc5 57. Kc3 Bh6 58. Ne4+ Kd5 59. Nf6+ Ke6 60. Ne4 Kf5 61. Kd3 Bf8 62. Ng3+ Kf4 63. Ne4 Be7 64. Nf2 Bc5 65. Ne4 Bd4 66. Nd6 Bc5 67. Ne4 Bb4 68. Nf6 Kf5 69. Ne4 Ke6 70. Kc4 Be1 71. Kd3 Kd5 72. Nf6+ Kc5 73. Nd7+ Kb4 74. Nxe5 Kxa4 75. Kc4 a6 76. bxa6 b5+ 77. Kd3 Bf2 78. Kc2 Ka5 79. Kb3 Kxa6 80. Nd3 Bd4 81. Nb4+ Kb6 82. Nd3 Bc5 83. Ka2 b4 84. Nc1 Kb5 85. Nb3 Kc4 86. Na5+ Kc3 87. Nb3 Bb6 88. Na1 Bd4 89. Nb3 Be5 90. Na5 Kc2 91. Nb3 Bc7 92. Na1+ Kc3 93. Nb3 Bf4 94. Na5 Kc2 95. Nb3 Be3 96. Na5 Bb6 97. Nb3 Kc3 98. Na1 Be3 99. Nb3 Kc2 100. Na1+ Kc1 101. Nb3+ Kd1 102. Na5 Kc2 103. Nb3 Bf4 1/2-1/2